banner koha

Concentracoes de calcio, magnesio e potassio no soro sanguineo de poedeiras com fadiga de gaiola (osteoporose)[osso, mineral, soro-sanguineo, confinamento] (Registro n. 109469)

MARC details
000 -LÍDER
campo de controle de tamanho fixo 01297nas a2200397 4500
001 - NÚMERO DE CONTROLE
campo de controle BR8202201
003 - IDENTIFICADOR DO NÚMERO DE CONTROLE
campo de controle BR-BrBNA
005 - DATA E HORÁRIO DA ÚLTIMA TRANSAÇÃO
campo de controle 20231205085134.0
007 - CAMPO FIXO DE DESCRIÇÃO FÍSICA--INFORMAÇÃO GERAL
campo de controle de tamanho fixo ta
008 - CAMPO DE DADOS FIXOS--INFORMAÇÃO GERAL
campo de controle de tamanho fixo 230509b bl.|||p| |||| 00| 00por d
040 ## - FONTE DA CATALOGAÇÃO
Instituição da catalogação original BR-BrBNA
Idioma da catalogação por
Instituição que transcreveu o registro Biblioteca Nacional de Agricultura
041 ## - CÓDIGO DE IDIOMA
Código do idioma do texto/trilha sonora ou título diferente (Pt)
072 ## - CÓDIGO DE CATEGORIA DE ASSUNTO
Código de Categoria de Assunto L30; L74
100 1# - ENTRADA PRINCIPAL--NOME PESSOAL
Nome pessoal Cavalheiro, A.C.L.
100 1# - ENTRADA PRINCIPAL--NOME PESSOAL
Nome pessoal Cezar, M.S.
100 1# - ENTRADA PRINCIPAL--NOME PESSOAL
Nome pessoal Oliveira, S.C.
100 1# - ENTRADA PRINCIPAL--NOME PESSOAL
Nome pessoal Trindade, D.S.
100 1# - ENTRADA PRINCIPAL--NOME PESSOAL
Nome pessoal Quadros, a.t.f. de
100 1# - ENTRADA PRINCIPAL--NOME PESSOAL
Nome pessoal Arnt, L.M.
245 1# - TÍTULO
Título Concentracoes de calcio, magnesio e potassio no soro sanguineo de poedeiras com fadiga de gaiola (osteoporose)[osso, mineral, soro-sanguineo, confinamento]
246 1# - FORMA VARIANTE DO TÍTULO
Título/título abreviado Blood mineral levels of cage fatigue affected laying hens [bone, mineral, blood serum, confinement]
650 ## - ASSUNTO--TERMO TÓPICO
Cabeçalho tópico ou nome geográfico GALINHA PARA POSTURA
650 ## - ASSUNTO--TERMO TÓPICO
Cabeçalho tópico ou nome geográfico MINERAL
650 ## - ASSUNTO--TERMO TÓPICO
Cabeçalho tópico ou nome geográfico OSTEOPOROSE
650 ## - ASSUNTO--TERMO TÓPICO
Cabeçalho tópico ou nome geográfico OSSO
650 ## - ASSUNTO--TERMO TÓPICO
Cabeçalho tópico ou nome geográfico MINERAL
650 ## - ASSUNTO--TERMO TÓPICO
Cabeçalho tópico ou nome geográfico CALCIO
650 ## - ASSUNTO--TERMO TÓPICO
Cabeçalho tópico ou nome geográfico MAGNESIO
650 ## - ASSUNTO--TERMO TÓPICO
Cabeçalho tópico ou nome geográfico POTASSIO
650 ## - ASSUNTO--TERMO TÓPICO
Cabeçalho tópico ou nome geográfico SORO-SANGUINEO
650 ## - ASSUNTO--TERMO TÓPICO
Cabeçalho tópico ou nome geográfico CONFINAMENTO
650 ## - ASSUNTO--TERMO TÓPICO
Cabeçalho tópico ou nome geográfico GAIOLA
773 0# - ENTRADA ANALÍTICA
Título Anuario Tecnico do Instituto de Pesquisas Zootecnicas Francisco Osorio (Brazil)
ISSN - International Standard Serial Number ISSN 0100-2546
Partes relacionadas (Dec 1981), v. 8 p. 23-29
Número de controle do registro BR8202201
909 ## -
-- 202311
-- Lúcia
-- 55
-- Lúcia Elande
942 ## - ELEMENTOS DE ENTRADA ADICIONADOS (KOHA)
Fonte da classificação ou esquema de arquivamento na estante Classificação AGRIS
Ocultar no OPAC Não
Tipo de material Koha Analítica
Exemplares
Situação do descarte Fonte da classificação ou esquema de arquivamento na estante Situação física Não pode ser emprestado Biblioteca de origem Biblioteca atual Localização na estante Enumeração do periódico / cronologia Total de empréstimos Data de último acesso Número do exemplar Tipo de material Koha Fonte de aquisição
  Classificação AGRIS   Consulta local Biblioteca Nacional de Agricultura - Binagri Biblioteca Nacional de Agricultura - Binagri   (Dec 1981), v. 8 p. 23-29   29/11/2023 01 Periódicos Portaria Interministerial nº 164/94

BINAGRI

Telefone: (61)3218-2567/2388/3357/2097 - binagri@agro.gov.br

Ministério da Agricultura e Pecuária , Esplanada dos Ministérios, Bloco D, Anexo B, Brasília/DF, CEP: 70.043-900